000 00905nam a2200265Ia 4500
003 OSt
005 20220923211601.0
006 a|||||r|||| 00| 0
007 ta
008 220922b |||||||| |||| 00| 0 hin d
020 _a9789387145115 (hbk)
_c750
024 _a325,555
037 _b383, 10/03/2018, Eastern Book Linkers
_cTextual
040 _aARTS
_cARTS
_bhin
041 _2hin
_ahin
082 _aW94, 152Q8
100 _aरविकान्त, ले.
245 0 _aआजादी और राष्ट्रवाद
246 _aĀjādī aur rāṣhṭravāda
260 _aनई दिल्ली
_b अनन्य प्रकाशन
_c2018
300 _a360पृ.
_ccm.
650 _aराष्ट्रवाद
942 _hW94, 152Q8
_cTEXL
_2CC
999 _c301044
_d301044